00518nam a2200157 a 450000500170000000800410001702000150005805000220007310000190009524500920011426000510020630000210025750000510027852100100032965000210033920140310183231.0010122s19uu xx 00 eng d a0521377617 aGN 502b.C76 1994 aBerry, John W. aCross cultural psychology :bresearch and applications /cJohn W. Berry ... [ et. al.]. aNew York :bCambridge University Press,c1994. a459 p. :c24 cm. aIncludes bibliographical references and index. aPSYCH aEthnopsychology.